| Tag |
First Indicator |
Second Indicator |
Subfields |
| LEADER |
00000cam a2200000 i 4500 |
| 001 |
in00000078577 |
| 005 |
20151008052834.0 |
| 008 |
780512s1978 cau 00000 eng |
| 010 |
|
|
|a 78051947
|
| 020 |
|
|
|a 0874844460
|
| 035 |
|
|
|a (OCoLC)03889212
|
| 035 |
|
|
|9 AAH5106AM
|
| 040 |
|
|
|a DLC
|c SXP
|d IUD
|d OCL
|d TXA
|d UtOrBLW
|
| 049 |
|
|
|a TXAM
|c [1159975]
|
| 050 |
0 |
0 |
|a QP141
|b .G745
|
| 082 |
0 |
|
|a 641.l
|
| 096 |
|
|
|a QU 145.3 H713g
|
| 245 |
0 |
4 |
|a The Great American nutrition hassle /
|c edited by Lieselotte Hofmann.
|
| 250 |
|
|
|a 1st ed.
|
| 264 |
|
1 |
|a Palo Alto, Calif. :
|b Mayfield Pub. Co.,
|c 1978.
|
| 300 |
|
|
|a xi, 422 pages ;
|c 22 cm.
|
| 336 |
|
|
|a text
|b txt
|2 rdacontent
|
| 337 |
|
|
|a unmediated
|b n
|2 rdamedia
|
| 338 |
|
|
|a volume
|b nc
|2 rdacarrier
|
| 650 |
|
0 |
|a Nutrition.
|
| 650 |
|
0 |
|a Food habits.
|
| 650 |
|
0 |
|a Nutrition policy
|z United States.
|
| 650 |
|
2 |
|a Nutritional Physiological Phenomena.
|
| 650 |
|
2 |
|a Food.
|
| 700 |
1 |
|
|a Hofmann, Lieselotte.
|
| 999 |
|
|
|a MARS
|
| 999 |
f |
f |
|s b7b62cb7-6721-3b44-86c1-25501391c891
|i 0569d860-5700-3cc6-85c3-ee996a08ff7d
|t 0
|
| 952 |
f |
f |
|p ric
|a Texas A&M University
|b Rellis Campus
|c Joint Library Facility
|d Remote Storage
|t 0
|e QP141 .G745
|h Library of Congress classification
|i unmediated -- volume
|m A14805000816
|
| 998 |
f |
f |
|a QP141 .G745
|t 0
|l Remote Storage
|